علي بن أبي طالب رضي الله عنه / (رقم التسجيلة. 104986)
[ عرض عادي ]
| 000 -LEADER | |
|---|---|
| fixed length control field | 00802nam a22002297a 4500 |
| 005 - DATE AND TIME OF LATEST TRANSACTION | |
| control field | 20251108173501.0 |
| 008 - FIXED-LENGTH DATA ELEMENTS--GENERAL INFORMATION | |
| fixed length control field | 250721s9999 xx 000 0 ara d |
| 082 14 - DEWEY DECIMAL CLASSIFICATION NUMBER | |
| Classification number | ط/219.5/إبر |
| 100 1# - MAIN ENTRY--PERSONAL NAME | |
| Personal name | ابراهيم، عبد القادر الشيخ |
| 245 10 - TITLE STATEMENT | |
| Title | علي بن أبي طالب رضي الله عنه / |
| 264 1# - PRODUCTION, PUBLICATION, DISTRIBUTION, MANUFACTURE, AND COPYRIGHT NOTICE | |
| Place of production, publication, distribution, manufacture | حلب : |
| Name of producer, publisher, distributor, manufacturer | دار القلم العربي، |
| 300 ## - PHYSICAL DESCRIPTION | |
| Extent | 16 |
| 490 0# - SERIES STATEMENT | |
| Series statement | فجر الهدى والأيمان : من سفراء الإسلام |
| Volume/sequential designation | 1 |
| 650 17 - SUBJECT ADDED ENTRY--TOPICAL TERM | |
| Topical term or geographic name as entry element | الصحابة والتابعين |
| 650 17 - SUBJECT ADDED ENTRY--TOPICAL TERM | |
| Topical term or geographic name as entry element | السيرة النبوية |
| 650 17 - SUBJECT ADDED ENTRY--TOPICAL TERM | |
| Topical term or geographic name as entry element | سفراء |
| 653 ## - INDEX TERM--UNCONTROLLED | |
| Uncontrolled term | علي بن أبي طالب |
| 653 ## - INDEX TERM--UNCONTROLLED | |
| Uncontrolled term | ناشئون صغار (10-14 سنة ) |
| 700 1# - ADDED ENTRY--PERSONAL NAME | |
| Personal name | فرهود، أحمد عبد الله |
| Relator term | مراجع |
| 942 ## - ADDED ENTRY ELEMENTS (KOHA) | |
| Source of classification or shelving scheme | Dewey Decimal Classification |
| Koha item type | كتب |
| حالة السحب | حالة الفقدان | مصدر التصنيف | حالة التلف | غير قابل للإعارة | المكتبة الرئيسية | المكتبة الحالية | موقع الرف | تاريخ التزويد | الرقم المتسلسل | Total Checkouts | رقم الإستدعاء | الباركود | تاريخ آخر ظهور | تاريخ الفاتورة | نوع المادة (كوها) |
|---|---|---|---|---|---|---|---|---|---|---|---|---|---|---|---|
| Dewey Decimal Classification | المكتبة المركزية | المكتبة المركزية | الأطفال | 01/02/2010 | 1357774 | ط/219.5/إبر | PLD00133477 | 28/07/2025 | 01/02/2010 | كتب | |||||
| Dewey Decimal Classification | المكتبة المركزية | المكتبة المركزية | مقتنيات قسم التزويد | 28/07/2025 | 1357775 | ط/219.5/إبر | 28/07/2025 | 28/07/2025 | كتب | ||||||
| Dewey Decimal Classification | المكتبة المركزية | المكتبة المركزية | مقتنيات قسم التزويد | 28/07/2025 | 1489047 | ط/219.5/إبر | 28/07/2025 | 28/07/2025 | كتب | ||||||
| Dewey Decimal Classification | مكتبة البشائر للأطفال | مكتبة البشائر للأطفال | الإعارة | 06/05/2015 | 527813 | ط/219.5/إبر | PLD00322942 | 28/07/2025 | 06/05/2015 | كتب | |||||
| Dewey Decimal Classification | مكتبة الأميرة سلمى | مكتبة الأميرة سلمى | الأطفال | 28/07/2025 | 567022 | ط/219.5/إبر | DUP-02_567022 | 28/07/2025 | 28/07/2025 | كتب | |||||
| Dewey Decimal Classification | مكتبة الأميرة سلمى | مكتبة الأميرة سلمى | الأطفال | 14/04/2016 | 567262 | ط/219.5/إبر | PLD00386365 | 28/07/2025 | 14/04/2016 | كتب | |||||
| Dewey Decimal Classification | مكتبة الجويدة | مكتبة الجويدة | الأطفال | 01/03/2018 | 1676340 | ط/219.5/إبر | PLD00418244 | 28/07/2025 | 01/03/2018 | كتب | |||||
| Dewey Decimal Classification | مكتبة الحسن العامة | مكتبة الحسن العامة | الأطفال | 16/09/2018 | 499705 | ط/219.5/إبر | PLD00431793 | 28/07/2025 | 16/09/2018 | كتب | |||||
| Dewey Decimal Classification | مكتبة الياسمين للأطفال | مكتبة الياسمين للأطفال | الأطفال | 30/03/2014 | 558249 | ط/219.5/إبر | PLD00297171 | 28/07/2025 | 30/03/2014 | كتب | |||||
| Dewey Decimal Classification | مكتبةمؤتة | مكتبةمؤتة | الأطفال | 27/06/2014 | 628791 | ط/219.5/إبر | PLD00331091 | 28/07/2025 | 27/06/2014 | كتب |